000
00280nam a2200085Ia 4500
245
0
_a
Cases in public administration and management : a South African perspective
100
_a
Maserumule, M H Sandown, 2004
_9
31092
942
_c
BK
008
210817s9999 xx 000 0 und d
999
_c
287200
_d
287199